000 nam a22 7a 4500
999 _c9687
_d9687
008 180206b ||||| |||| 00| 0 eng d
100 _aLal & Company
_95626
245 _aMaster science - 9
260 _aNew Delhi
_bLal Publication
_c2008